| 000 | 01017nam a22002177a 4500 | ||
|---|---|---|---|
| 999 |
_c58455 _d58455 |
||
| 003 | Ge_BSU | ||
| 005 | 20220218105516.0 | ||
| 008 | 220218s1962ge xxu||||| |||| 00| 0 geo d | ||
| 041 | _ageo | ||
| 080 | _a581.526.42(075.8) ა-14 | ||
| 100 |
_aაბაშიძე, ი _92742 |
||
| 245 |
_aდენდროლოგია მცენარეთა გეოგრაფიის ელემენტებით : _bნაწ. 2 / _cი.აბაშიძე, რედ. ნ. კეცხოველი. |
||
| 264 |
_aთბილისი : _b საქ. სას.-სამ. ინ-ტის გამ-ბა და სტ., _c1962. |
||
| 300 |
_a342 გვ.: _c20 სმ. |
||
| 504 | _aბიბლიოგრაფია: გვ. 319-320 | ||
| 653 | _aდენდროლოგია | ||
| 653 | _aმცენარეთა გეოგრაფია | ||
| 653 | _aბოტანიკა | ||
| 700 |
_aკეცხოველი, ნ _eრედაქტორი _913556 |
||
| 942 |
_2udc _cBK |
||